Municipios de la A-10 - Estadísticas

Estadísticas generales
  • Esta prueba ha sido intentada 8 veces
    6 desde el último reinicio
  • La puntuación promedio es 8 de 12
Estadísticas de respuestas
Población Respuesta % Correcto
7.710 Altsasu / Alsasua
100%
999 Arakil
100%
1.108 Arbizu
100%
2.545 Etxarri Aranatz
100%
2.316 Irurtzun
67%
1.325 Lakuntza
67%
791 Uharte Arakil
67%
122 Arruazu
33%
340 Bakaiku
33%
169 Irañeta
33%
432 Iturmendi
33%
642 Urdiain
33%
No se encontraron pruebas coincidentes
Distribución de puntuación
Porcentaje de gente con cada puntuación
Porcentaje por número respondido
Historial de tus puntuaciones
No has intentado esta prueba desde el último reinicio